00488nam a22001695i 4500001000700000003000900007005001700016008004100033100002200074245005000096250001300146260003700159300003700196490003200233830003200265852002100297168515ES-MaACL20230906213817.0080416s1914 xxk |||| | eng d1 aMacKenzie, James.10aDiseases of the heart / cby James Mackenzie. a3th. ed. aLondon : bHenry Frowde, c1914. aXXIII, 502 p. : bil. ; c25 cm.1 aOxford medical publications0 aOxford medical publications aES-MaACLjF-1030